|
|
|
|
| LEADER |
00000cam a2200000 a 4500 |
| 003 |
Ucuenca |
| 005 |
20230308174020.0 |
| 008 |
984100|1978 sp |||||r|||||||||||spa|| |
| 020 |
|
|
|a 8472141527
|
| 040 |
|
|
|b spa
|
| 041 |
1 |
|
|a spa
|
| 082 |
0 |
|
|a 638.13
|
| 100 |
1 |
|
|a Sáenz de Rivas, Concepción
|9 71285
|
| 245 |
|
|
|a Polen y esporas: introducción a la palinologia y vocabulario palinologico
|c Concepción Saenz de Rivas
|h imp
|
| 264 |
|
|
|a Madrid
|b H.Blume
|c 1978
|
| 300 |
|
|
|a 219 páginas:
|b ilu
|c 21 cm
|
| 505 |
0 |
|
|a Algunos datos históricos.-- Polinización.-- Morfología del polen.-- Composición química.-- Técnicas de estudio.-- La palinología aplicada a la sistemática.-- Morfología de las esporas.-- Análisis polínico de sedimentos.-- Aeropolinología.-- Análisis polinico de las mieles
|
| 650 |
|
|
|a Apicultura
|9 72461
|
| 650 |
|
|
|a Polinizacion
|9 72462
|
| 650 |
|
|
|a Esporas
|9 71287
|
| 650 |
|
|
|a Polen
|9 72463
|
| 650 |
|
|
|a Palinologia
|9 53874
|
| 650 |
|
|
|a Vocabulario palinologico
|9 72464
|
| 852 |
|
|
|a UC-YANUNCAY
|f Compra
|l 1
|m General
|p 19841009
|q 5,00
|t 560
|b 0
|d CDRY
|e CDRY
|g 658.13 SALA 1 AGROPECUARIAS
|z 1984-41-00
|
| 942 |
|
|
|c BK
|z diana.leon@ucuenca.edu.ec
|2 ddc
|0 2
|
| 999 |
|
|
|c 44988
|d 44988
|